| 000 | 003380000a22001330004500 | ||
|---|---|---|---|
| 003 | MACL | ||
| 040 | _aMACL | ||
| 090 |
_c42259 _d42257 |
||
| 100 | _aBlavatsky, H P | ||
| 245 |
_aCollected Writings 1877 Isis Unveiled _bVol 2 Theology |
||
| 260 |
_bThe Theosophical Publishing House _c2006 |
||
| 650 | _aChristianity | ||
| 942 |
_cBOOK _k230/BLA |
||
| 999 |
_c41811 _d41811 |
||